00846nam a2200205 4500001000700000003000900007005001700016007000300033008004100036080001100077100003000088245013000118260007200248300002900320490008500349650003700434710006300471830008500534852002100619143607ES-MaACL20230906200844.0t|070214s1973 sp r ||||1| spa d a616.891 aSerigó Segarra, Adolfo.13aLa investigación en psiquiatría : b(anotaciones de un proyecto de investigación básica) / cAdolfo Serigó Segarra. aMadrid : bPatronato Nacional de Asistencia Psiquiátrica, c1973. a70 p. : bil. ; c24 cm.1 aPublicaciones del Patronato Nacional de Asistencia Psiquiátrica. Monografías 4aPsiquiatría-xInvestigación.2 aPatronato Nacional de Asistencia Psiquiátrica (España)1 aPublicaciones del Patronato Nacional de Asistencia Psiquiátrica. Monografías aES-MaACLjA-7084